000 00634nam a2200205 i 4500
001 79299
003 ES-MaACL
005 20231205174353.0
007 t|
008 041020s1968 sp ||||1| spa d
100 1 _aHermann, Kai.
_962741
245 1 4 _aLos estudiantes en rebeldía /
_cKai Hermann ; traducción y prólogo de Antonio Millán Puelles.
260 _aMadrid :
_bRialp,
_c[1968]
300 _a178 p. ;
_c19 cm.
490 1 _aBolsillo Rialp
700 1 _aMillán Puelles, Antonio,
_d1921-2005
_981155
830 0 _aBolsillo Rialp
_9183623
852 _aES-MaACL
_jC-34447
_bR.65457
999 _c79299
_d79299